000 00599cam a22002291 4500
001 sa 65000742
003 DLC
005 20260227112105.0
008 890802s1963 ii 000 0 hino
010 _asa 65000742
035 _a(OCoLC)20114875
040 _aDLC
_cWaU
_dDLC
042 _apremarc
050 0 0 _aPK2098.P329
_bT3
100 1 _aPathak, Ansuya Prasad.
245 1 0 _aTamasā kī goda meṃ.
260 _c[1963?]
300 _a152 p.
_c19 cm.
500 _aIn Hindi.
500 _aA poem, depicting scenes from Vālmīki's Rāmāyaṇa.
700 0 _aVālmīki.
_tRāmāyaṇa.
999 _c61713
_d61713